000 00325cam a22001097a 4500
008 180718b xxu||||| |||| 00| 0 eng d
082 _aI531 M278p
100 _aBakhru, H.J
245 _aPractical psychology in supervision
_cby H.J. Bakhru
260 _aBombay
_bMinistry of Labour, Employment and Rehabilitation
_c
300 _a50+p
999 _c491451
_d491451